| 000 | 00908 a2200205 4500 | ||
|---|---|---|---|
| 003 | OSt | ||
| 005 | 20180116182840.0 | ||
| 008 | 160427b xxu||||| |||| 00| 0 eng d | ||
| 020 | _a0540077194 (hardcover) | ||
| 020 | _a9780540077199 (hardcover) | ||
| 040 | _c0 | ||
| 100 | _aPhilips | ||
| 245 | 0 | 0 | _aPhilip's millennium encyclopedia. |
| 250 | _a3rd ed. | ||
| 260 |
_a[S.l.] : _bPhilip's, _c1999. |
||
| 300 | _a832 p. | ||
| 520 | _aA general reference encyclopaedia, containing more than 13,000 A-Z entries. The book contains a colour Ready Reference section featuring facts and figures on natural history, history, technology, science and sport. Also included are 72 pages of historical timelines - a complete chronology of important events during the past 10,000 years. | ||
| 856 | 4 | 0 |
_3Amazon.com _uhttp://www.amazon.com/exec/obidos/ASIN/0540077194/chopaconline-20 |
| 942 |
_aNBS _cBK _k030.9 PHI _2ddc |
||
| 999 |
_c347181 _d347181 |
||